MARC details
| 000 -LEADER |
| fixed length control field |
02599cas a2200565 a 4500 |
| 001 - CONTROL NUMBER |
| control field |
11146197 |
| 003 - CONTROL NUMBER IDENTIFIER |
| control field |
OSt |
| 005 - DATE AND TIME OF LATEST TRANSACTION |
| control field |
20211117124247.0 |
| 008 - FIXED-LENGTH DATA ELEMENTS--GENERAL INFORMATION |
| fixed length control field |
810605d1957196uenkuu 0 a0eng c |
| 010 ## - LIBRARY OF CONGRESS CONTROL NUMBER |
| LC control number |
52022917 |
| 016 7# - NATIONAL BIBLIOGRAPHIC AGENCY CONTROL NUMBER |
| Record control number |
B35980000 |
| Source |
DNLM |
| 035 ## - SYSTEM CONTROL NUMBER |
| System control number |
(OCoLC)ocm07481663 |
| 040 ## - CATALOGING SOURCE |
| Original cataloging agency |
PLF |
| Language of cataloging |
eng |
| Transcribing agency |
PLF |
| Modifying agency |
MET |
| -- |
RCS |
| -- |
DLC |
| -- |
OCLCQ |
| -- |
OCLCF |
| -- |
OCLCO |
| -- |
EUW |
| -- |
OCLCQ |
| -- |
CLU |
| -- |
MTG |
| -- |
ZAS |
| -- |
NJR |
| -- |
OCLCQ |
| -- |
BUF |
| -- |
BUFSP |
| -- |
GZH |
| -- |
AU@ |
| -- |
OCLCO |
| -- |
OCLCQ |
| 042 ## - AUTHENTICATION CODE |
| Authentication code |
pcc |
| 043 ## - GEOGRAPHIC AREA CODE |
| Geographic area code |
e-uk--- |
| 050 00 - LIBRARY OF CONGRESS CALL NUMBER |
| Classification number |
RS125.N35 |
| 060 00 - NATIONAL LIBRARY OF MEDICINE CALL NUMBER |
| Classification number |
QV 740 FA1 B9 |
| 082 00 - DEWEY DECIMAL CLASSIFICATION NUMBER |
| Classification number |
615.13 |
| 130 0# - MAIN ENTRY--UNIFORM TITLE |
| Uniform title |
British national formulary (Standard edition) |
| 245 10 - TITLE STATEMENT |
| Title |
British national formulary. |
| 246 30 - VARYING FORM OF TITLE |
| Title proper/short title |
National formulary |
| 250 ## - EDITION STATEMENT |
| Edition statement |
[Standard ed.]. |
| 260 ## - PUBLICATION, DISTRIBUTION, ETC. |
| Place of publication, distribution, etc. |
London : |
| Name of publisher, distributor, etc. |
British Medical Association: |
| -- |
Pharmaceutical Society of Great Britain, |
| Date of publication, distribution, etc. |
[1957?-] |
| 300 ## - PHYSICAL DESCRIPTION |
| Extent |
volumes ; |
| Dimensions |
17 cm |
| 336 ## - CONTENT TYPE |
| Content type term |
text |
| Content type code |
txt |
| Source |
rdacontent |
| 337 ## - MEDIA TYPE |
| Media type term |
unmediated |
| Media type code |
n |
| Source |
rdamedia |
| 338 ## - CARRIER TYPE |
| Carrier type term |
volume |
| Carrier type code |
nc |
| Source |
rdacarrier |
| 362 0# - DATES OF PUBLICATION AND/OR SEQUENTIAL DESIGNATION |
| Dates of publication and/or sequential designation |
1957- |
| 505 ## - FORMATTED CONTENTS NOTE |
| Formatted contents note |
Contents: Guidance on prescribing -- Prescription writing -- Emergency supply of medicines -- Controlled drugs and drug dependence -- Adverse reactions to drugs -- Guidance on intravenous infusions -- Prescribing for children -- Drugs and sport -- Prescribing in dental practice -- Notes on drugs and preparations -- |
| 550 ## - ISSUING BODY NOTE |
| Issuing body note |
Prepared by the Joint Formulary Committee of the British Medical Association and the Pharmaceutical Society of Great Britain. |
| 580 ## - LINKING ENTRY COMPLEXITY NOTE |
| Linking entry complexity note |
Merged with: British national formulary (Alternative edition); to form: British national formulary (London, England : 1966). |
| 590 ## - LOCAL NOTE (RLIN) |
| Local note |
SERBIB/SERLOC merged record |
| 650 #0 - SUBJECT ADDED ENTRY--TOPICAL TERM |
| Topical term or geographic name entry element |
Medicine |
| Form subdivision |
Formulae, receipts, prescriptions. |
| 650 #2 - SUBJECT ADDED ENTRY--TOPICAL TERM |
| Topical term or geographic name entry element |
Formularies as Topic |
| 650 #2 - SUBJECT ADDED ENTRY--TOPICAL TERM |
| Topical term or geographic name entry element |
Formularies |
| 650 #7 - SUBJECT ADDED ENTRY--TOPICAL TERM |
| Topical term or geographic name entry element |
Medicine. |
| Source of heading or term |
fast |
| Authority record control number or standard number |
(OCoLC)fst01014893 |
| 651 #2 - SUBJECT ADDED ENTRY--GEOGRAPHIC NAME |
| Geographic name |
Great Britain |
| 655 #7 - INDEX TERM--GENRE/FORM |
| Genre/form data or focus term |
Prescriptions, formulae, receipts, etc. |
| Source of term |
fast |
| Authority record control number or standard number |
(OCoLC)fst01424054 |
| 655 #7 - INDEX TERM--GENRE/FORM |
| Genre/form data or focus term |
Periodicals. |
| Source of term |
rbgenr |
| 710 2# - ADDED ENTRY--CORPORATE NAME |
| Corporate name or jurisdiction name as entry element |
Joint Formulary Committee (Great Britain) |
| 710 2# - ADDED ENTRY--CORPORATE NAME |
| Corporate name or jurisdiction name as entry element |
British Medical Association. |
| 710 2# - ADDED ENTRY--CORPORATE NAME |
| Corporate name or jurisdiction name as entry element |
Pharmaceutical Society of Great Britain. |
| 776 08 - ADDITIONAL PHYSICAL FORM ENTRY |
| Relationship information |
Online version: |
| Title |
British national formulary (Standard edition) |
| Record control number |
(OCoLC)734084835 |
| 780 01 - PRECEDING ENTRY |
| Title |
National formulary (London, England) |
| Record control number |
(DLC) 86643945 |
| -- |
(OCoLC)13986507 |
| 785 17 - SUCCEEDING ENTRY |
| Title |
British national formulary (Alternative edition) |
| 785 17 - SUCCEEDING ENTRY |
| Title |
British national formulary (London, England : 1966) |
| International Standard Serial Number |
0260-535X |
| Record control number |
(DLC) 86643946 |
| -- |
(OCoLC)13987875 |
| 906 ## - LOCAL DATA ELEMENT F, LDF (RLIN) |
| a |
7 |
| b |
cbc |
| c |
serials |
| d |
2 |
| e |
ncip |
| f |
19 |
| g |
n-oclcserc |
| 942 ## - ADDED ENTRY ELEMENTS (KOHA) |
| Source of classification or shelving scheme |
Library of Congress Classification |
| Koha item type |
Books |